Sports Quiz

Random Sports or Baseball Quiz
Score 0/30 Timer 07:00
0 Plays Today
150+ Hit Seasons Player % Correct
18Pete Rose
90.2%
18Ty Cobb
88.5%
17Derek Jeter
83.8%
17Hank Aaron
72.9%
14Tony Gwynn
70.7%
15Cal Ripken Jr.
69.7%
13Willie Mays
68.8%
13Lou Gehrig
67.6%
13*Honus Wagner
66.9%
15Stan Musial
61.8%
14Albert Pujols
60.3%
13Paul Molitor
51.4%
13Carl Yastrzemski
49.8%
13Craig Biggio
48.1%
13Rod Carew
47.3%
150+ Hit Seasons Player % Correct
13Rogers Hornsby
44.7%
18Tris Speaker
44.2%
14Eddie Murray
41%
13Rafael Palmeiro
33.2%
13Lou Brock
32.4%
14Paul Waner
31.4%
13Sam Rice
26.9%
15Eddie Collins
26.2%
13George Sisler
24.8%
14*Sam Crawford
17%
13Robinson Canó
15.7%
13Richie Ashburn
12%
13Harry Heilmann
11.3%
13Frankie Frisch
10.2%
14Goose Goslin
7.6%

You're not logged in!

Compare scores with friends on all Sporcle quizzes.
OR
Log In

Sporcle TV

Today on Sporcle TV


Watch our educational content, quiz creation guides, and fun videos on Sporcle TV.

Show Comments

Extras

Top Quizzes Today


Score Distribution

Paid Content

Your Account Isn't Verified!

In order to create a playlist on Sporcle, you need to verify the email address you used during registration. Go to your Sporcle Settings to finish the process.

Report this User

Report this user for behavior that violates our Community Guidelines.

Details: